Manresa quinta capital /
Colección:
San Jorge,
; núm. 22 (abril 1956), pàg 16-18
Otros Autores:
Léonard, Jacques, 1909-1995
Idioma:
Español
MARC
| LEADER | 00000naa a2200000 a 4500 | ||
|---|---|---|---|
| 008 | 160829s1956 spcaxx s spa c | ||
| 040 | |a AGDB | ||
| 100 | 1 | |a Espinàs, Josep M., |d 1927-2023 |9 28496 | |
| 245 | 1 | 0 | |a Manresa quinta capital / |c por José M.ª. Espinás |
| 490 | |a San Jorge, |v núm. 22 (abril 1956), pàg 16-18 | ||
| 500 | |a Fotografies: Jacques Léonard | ||
| 651 | 0 | |9 56214 |a Manresa (Catalunya) |x Descripcions i viatges | |
| 700 | 1 | |9 55136 |a Léonard, Jacques, |d 1909-1995 |e fotografies | |
| 773 | |g Núm. 22 (abril 1956), pàg 16-18 |t San Jorge. | ||
| 901 | |a Arxiu | ||
| 942 | |n 1 |2 udc |c ART | ||
| 952 | |0 0 |1 0 |4 0 |6 REV511 |7 1 |9 66141 |a Arxiu |b Arxiu |d 2023-04-17 |l 0 |o Rev-511 |r 2023-04-17 00:00:00 |w 2023-04-17 |y ARXIU |z També disponible a Rev-525 | ||
| 999 | |c 48120 |d 48120 | ||